Transformationen des Historischen : (Titelsatznr. 38471)
[ MARC ]
| 000 -Satzkennung | |
|---|---|
| Kontrollfeld mit fester Länge | 00590nam a22001811c 4500 |
| 001 - Kontrollnummer | |
| Kontrollfeld | a987676842 |
| 008 - Feld mit fester Länge zur physischen Beschreibung - Allgemeine Angaben | |
| Kontrollfeld mit fester Länge | 160506s2015 gw |||| 000u ger d |
| 020 ## - Internationale Standardbuchnummer | |
| Internationale Standardbuchnummer | 9783161538346 |
| Verknüpfung | 978-3-16-153834-6 |
| 041 ## - Sprachcode | |
| Sprachcode des Textes/der Tonspur oder des separaten Titels | ger |
| 040 ## - Katalogisierungsquelle | |
| Übertragungsstelle | RU-10907106 |
| 003 - Kontrollnummer Identifier | |
| Kontrollfeld | RU-10907106 |
| 245 00 - Titel | |
| Titel | Transformationen des Historischen : |
| Zusatz zum Titel | Geschichtserfahrung und Geschichtsschreibung bei Ferdinand Gregorovius / |
| Verfasserangabe etc. | Dominik Fugger |
| 264 ## - Produktion, Veröffentlichung, Distribution, Herstellung und Urheberrechtsvermerk | |
| Herstellungs-, Veröffentlichungs- Vertriebs-, Erzeugungsort | Tübingen : |
| Produzent, Herausgeber, Distributor, Hersteller | Mohr Siebeck, |
| Datum der Herstellung, der Veröffentlichung, des Vertriebs oder des Urheberschutzvermerks | 2015 |
| 300 ## - Physische Beschreibung | |
| Umfang | VI, 140 S. ; 231 x 155 mm |
| 600 #0 - Nebeneintragung unter einem Schlagwort - Personenname | |
| Personenname | Gregorovius, Ferdinand |
| 700 1# - Nebeneintragung - Personenname | |
| Personenname | Fugger, Dominik |
| Funktionsbezeichnung | HerausgeberIn |
| 942 ## - Zusätzliche Felder (Koha) | |
| Koha-Medientyp | Monographien |
| Ausgeschieden | Verloren | Klassifikation oder Aufstellungssystematik | Beschädigt | Nicht entleihbar | Heimatbibliothek | Aufenthaltsbibliothek | Aufstellungsort | Erwerbungsdatum | Inventarnummer | Signatur | Barcode | Letzte Aktivität | Preis gültig von | Koha-Medientyp |
|---|---|---|---|---|---|---|---|---|---|---|---|---|---|---|
| Andere/Generische Klassifikation | MWN Osteuropa | MWN Osteuropa | Lesesaal | 06/05/2016 | 16-02632 | G 40 aD +Gre | E004015073C9C0B3 | 23/02/2021 | 22/03/2021 | Monographien |